000 00472nam a2200145Ia 4500
003 GCL
008 140319s9999 xx 000 0 ara d
040 _aGCL /
_cGCL
082 0 4 _a805
_bأ ك
100 1 _aاحمد حمروش
245 1 0 _aالكاتب:مجلة الثقافة الانسانية(العدد الخامس عشر) /
_cاحمد حمروش
700 1 _aرافت الخياط
300 _a194 ص
490 _aالهيئة العامة للاستعلامات
_v0
999 _c51193
_d51193